000 00369nam a2200133Ia 4500
003 GCL
008 140319s9999 xx 000 0 ara d
040 _aGCL /
_cGCL
082 0 4 _a225
_bا ب
245 1 0 _aبين حقائق العلم وبلاغة القران
260 _a[S.N] :
_bمطبعة الحسين الاسلامية ،
_c1992
300 _a256 ص
490 _a
999 _c35395
_d35395